اتجاهات الرأى العام العربى نحو مسألة الوحدة: (Record no. 14654)
[ view plain ]
| 000 -الفاتح | |
|---|---|
| حقل البيانات ثابتة الطول | 01008cam a22002415a 4500 |
| 003 - محدد رقم الضبط | |
| رقم الضبط | OSt |
| 005 - وقت وتاريخ اخر تعامل مع التسجيلة | |
| رقم الضبط | 20150823133931.0 |
| 008 - عناصر البيانات ثابتة الطول - معلومات عامة | |
| حقل البيانات ثابتة الطول | 100810s1980 le a frb 0 00| 0dara d |
| 040 ## - مصدر الفهرسة | |
| وكالة الفهرسة الأصلية | EG-ScBUE |
| لغة الفهرسة | ara |
| وكالة التعديل | EG-ScBUE |
| 082 04 - رقم تصنيف ديوى العشرى | |
| رقم التصنيف | 320.5409174927 |
| رقم المادة | إ ب ر |
| رقم الطبعة | 22 |
| 100 1# - المدخل الرئيسى - إسم شخصى | |
| الإسم الشخصى | إبراهيم ،سعد الدين. |
| 9 (RLIN) | 17400 |
| 245 10 - بيان العنوان | |
| العنوان | اتجاهات الرأى العام العربى نحو مسألة الوحدة: |
| بقية العنوان | دراسة ميدانية / |
| بيان المسئوليه,etc | سعد الدين إبراهيم. |
| 260 ## - PUBLICATION, DISTRIBUTION, ETC. (IMPRINT) | |
| مكان الناشر او الموزع | لبنان : |
| اسم الناشر او الموزع | مركز دراسات الوحدة العربية، |
| تاريخ النشر أو التوزيع | 1980. |
| 300 ## - الوصف المادى | |
| التعداد | 367 ص؛ |
| تفاصيل ماديه اخرى للوعاء | ايض ؛ |
| أبعاد الوعاء | 24سم . |
| 504 ## - تبصرة ببليوجرافية | |
| تبصرة ببليوجرافية,الخ | يشتمل على ارجاهات ببليوجرافية. |
| 541 ## - تبصرة المصدر المباشر للتزويد | |
| مصدر التزويد | ؛ ألف باء |
| طريقة التزويد | شراء؛ |
| 590 ## - تبصرة محلية(RLIN) | |
| تبصرة محلية | reham yahia <br/>doaa mohamed |
| 650 ## - المدخل الاضافى بالموضوع-مصطلح موضوعى | |
| 9 (RLIN) | 13384 |
| مصطلح موضوعي أو اسم جغرافي كعنصر مدخل | القومية العربية |
| مصدر الرأس أو المصطلح | BUEsh |
| 650 ## - المدخل الاضافى بالموضوع-مصطلح موضوعى | |
| 9 (RLIN) | 17401 |
| مصطلح موضوعي أو اسم جغرافي كعنصر مدخل | العروبة |
| التقسيم الفرعي العام | الوحدة العربية |
| مصدر الرأس أو المصطلح | BUEsh |
| 651 ## - المدخل الاضافى بالموضوع - اسم جغرافى | |
| مصدر الرأس أو المصطلح | BUEsh |
| 653 ## - مصطلح تكشيفى غير مقيد | |
| Resource For college | Arabic Literature |
| Arrived date list | August2015 |
| 942 ## - عناصر المدخل الإضافي( كوها) | |
| مصدر التصنيف او مخطط الترفيف | Dewey Decimal Classification |
| Koha [default] item type | Book - Borrowing |
| سابقة رقم الطلب | 320.5409174927 ا ب ر |
| حالة التراجع | حالة الفقد | مصدر التصنيف او خطة الترفيف | حالة تلف | ليس للاعارة | مجموعات كوها | المكان الدائم | المكان الحالي | موقع الترفيف | تاريخ الاكتساب | Source of acquisition | رقم الاستدعاء | الباركود | Date last seen | نوع الوعاء |
|---|---|---|---|---|---|---|---|---|---|---|---|---|---|---|
| Dewey Decimal Classification | Alef-Baa | Central Library | Central Library | First floor | 10/08/2010 | 320.5409174927 إ ب ر | 000021674 | 15/07/2025 | Book - Borrowing |